Taylor Swift Songs by Bridges #3 - Statistics

General Stats
  • This quiz has been taken 1,640 times
  • The average score is 10 of 15
Answer Stats
Album Bridge Lyrics Song % Correct
Lover I'm drunk in the back of the carAnd I cried like a baby coming home from the bar (Oh) Said, "I'm fine," but it wasn't true I don't wanna keep secrets just to keep you And I snuck in through the garden gate Every night that summer just to seal my fate (Oh) And I scream, "For whatever it's worth I love you, ain't that the worst thing you ever heard?" He looks up, grinning like a devil Cruel Summer
94%
Folklore To kiss in cars and downtown barsWas all we needed You drew stars around my scars But now I'm bleeding Cardigan
92%
Reputation You make me so happy it turns back to sadThere's nothing I hate more than what I can't have And you are so gorgeous it makes me so mad Gorgeous
91%
1989 Remember when you hit the brakes too soon?Twenty stitches in a hospital room When you started cryin', baby, I did, too But when the sun came up, I was lookin' at you Remember when we couldn't take the heat I walked out and said, "I'm settin' you free," But the monsters turned out to be just trees When the sun came up, you were lookin' at me Out of the Woods
90%
Taylor Swift I've heard every album, listened to the radioWaited for something to come along That was as good as our song Our Song
84%
Reputation Sometimes I wonder when you sleepAre you ever dreaming of me? Sometimes when I look into your eyes I pretend you're mine, all the damn time Delicate
81%
Speak Now And I can see you years from now in a barTalking over a football game With that same big loud opinion But nobody's listening Washed up and ranting about the same old bitter things Drunk and grumbling on about how I can't sing Mean
75%
Lover Lyrical smile, indigo eyes, hand on my thighWe can follow the sparks, I'll drive I Think He Knows
62%
Speak Now And I watch you fly around the worldAnd I hope you don't save some other girl Don't forget, don't forget about me I'm far away but I never let you go I'm love-struck and looking out the window Don't forget, don't forget where I'll be Right here wishing the flowers were from you Wishing the card was from you Wishing the call was from you Superman
62%
1989 Your kiss, my cheekI watched you leave Your smile, my ghost I fell to my knees When you're young, you just run But you come back to what you need This Love
61%
Red Two headlights shine through the sleepless night and I willGet you a, get you alone Your name has echoed through my mind and I just Think you should, think you should know That nothing safe is worth the drive and I would Follow you, follow you home I'll follow you, follow you home Treacherous
41%
Evermore I know I'm just aWrinkle in your new life Staying "friends" Would iron it out so nice Guilty, guilty reaching out across the sea That you put between you and me But it's fake And it's oh so unnecessary Closure
39%
Red Ooh-ooh, he's talking crazyOoh-ooh, dancing with me Ooh-ooh, we could get married Have ten kids and teach 'em how to dream Starlight
39%
Fearless It's 2 A.M., feeling like I just lost a friendHope you know it's not easy, easy for me Breathe
30%
Fearless Why do you have to make me feel smallSo you can feel whole inside? Why do you have to put down my dreams So you're the only thing on my mind? Tell Me Why
29%
No matching quizzes found
Score Distribution
Percent of People with Each Score
Percentile by Number Answered
Your Score History
You have not taken this quiz